Word Ladder: Radioactive Quiz Stats

Quiz Updated Oct 1, 2015

Challenge
Share
Tweet
Embed
Score 0/8 Timer 01:00
3 Plays Today
Clue 5-Letter Word % Correct
Mrs. Homer SimpsonMARGE
98%
Swear like a sailorCURSE
88.2%
Pucker up, as lipsPURSE
84.8%
Beetle Bailey's bossSARGE
81.3%
Sudden flow, as of waterSURGE
80.5%
Clear of impuritiesPURGE
79.1%
Radioactivity researcher: [First Name] _____CURIE
73.7%
Radioactivity researcher: _____ [Last Name]MARIE
71.8%

Today's Daily Dose

You're not logged in!

Compare scores with friends on all Sporcle quizzes.
Join for Free
OR
Log In

You Might Also Like...

Show Comments

Extras

Top Quizzes Today


Score Distribution

Your Account Isn't Verified!

In order to create a playlist on Sporcle, you need to verify the email address you used during registration. Go to your Sporcle Settings to finish the process.

Report this User

Report this user for behavior that violates our Community Guidelines.

Details: